000 01321nam a2200277Ia 4500
003 OSt
005 20200729114551.0
008 191128t1996 mx ad fr 000 0 spa d
020 _a9583800627
040 _aCO-JMCR
_cCO-JMCR
041 1 _aspa
_hy
082 0 4 _a342 /
_bB621i
_223
100 1 _aBiscaretti Di Ruffía, Paolo,
_eautor
_98068
245 1 0 _aIntroducción al derecho constitucional comparado :
_blas formas del estado y las formas del gobierno ; las constituciones modernas /
_cPaolo Biscaretti di Ruffia ; estudio preliminar y traducción de Héctor Fix-Zamudio
250 _aPrimera edición
260 _aMéxico :
_bFondo de Cultura Económica,
_c©1996
300 _a716 páginas :
_bgráficos a blanco y negro ;
_c24 cm.
490 0 _aSección de Obras de Política y Derecho
500 _aIncluye notas a pie de página.
505 0 _aEstudio preliminar -- Introducción al derecho constitucional comparado las "formas de gobierno" -- Las constituciones modernas -- Prefacio a las sexta edición -- Premisa a metodología -- La "ciencia del derecho constitucional comparado" y sus tareas actuales
546 _aTraducción del italiano
650 1 4 _aDerecho constitucional
_98069
650 1 4 _aConstituciones
_98070
700 1 _aFix-Zamudio, Héctor,
_etraductor
_98071
942 _2ddc
_cBK
999 _c4237
_d4237